Everlong Lyrics Foo Fighters - Statistics

General Stats
  • This quiz has been taken 106 times
  • The average score is 164 of 208
Answer Stats
Answer % Correct
i
100%
you
99%
ever
97%
everlong
96%
for
96%
her
96%
i've
95%
to
95%
here
93%
be
91%
and
89%
waited
89%
hello
85%
in
85%
my
85%
when
85%
wonder
85%
with
84%
forever
83%
of
81%
out
81%
again
80%
she
80%
this
80%
along
79%
if
79%
head
77%
say
77%
sing
77%
tonight
77%
myself
76%
stop
76%
the
76%
into
75%
could
73%
good
73%
not
73%
ask
72%
it
71%
promise
71%
real
71%
thing
71%
me
69%
everything
68%
only
68%
so
68%
down
67%
i'll
67%
sang
67%
throw
67%
waste
67%
anything
65%
away
63%
come
63%
got
63%
wanted
63%
red
60%
can
59%
breathe
57%
feel
57%
now
57%
how
55%
been
53%
hold
53%
slow
53%
you've
52%
know
51%
always
49%
your
49%
i'm
45%
over
45%
saw
5%
No matching quizzes found
Score Distribution
Percent of People with Each Score
Percentile by Number Answered
Your Score History
You have not taken this quiz